La Expropiación en México y sus Instituciones /

Guardado en:
Detalles Bibliográficos
Autor corporativo: PEMEX
Formato: Libro
Idioma:Español
Publicado: México : PEMEX, 1990
Temas:
Etiquetas: Agrega una etiqueta
Sin etiquetas, Sé el primero en etiquetar este registro!

MARC

LEADER 00000nam^a2200000^a^4500
001 000025732
005 20250521000000.0
009 20260310084702.347
020 |a 968-6164-93-6 
037 |a Acervo ITESO - Biblioteca 
041 |a ESP 
082 |a 343. 025  |b PET 
110 |a PEMEX 
245 1 3 |a La Expropiación en México y sus Instituciones /  |c Petroleos Mexicanos. 
264 1 |a México :  |b PEMEX,  |c 1990 
300 |a 380 p. 
336 |a texto  |b txt  |2 rdacontenido 
337 |a sin mediación  |b n  |2 rdamedio 
338 |a volumen  |b nc  |2 rdasoporte 
610 |a PEMEX 
649 |a XX 
650 |a Derecho Público -  |z México 
910 |a Fondo General 
920 |a Impresos - Libros 
930 |a Colección General 
905 |a 101 
901 |a 0257320100  |b IT1  |c ACC  |i 025732  |u 20250521 
902 |a https://opac.biblio.iteso.mx/vufind/Record/000025732